000 00411nam a2200157 i 4500
001 bg
100 1 _aKOLNIAK, Piotr
245 0 _aMetoda modelowania przepływów recyrkulacyjnych /
_cP. Kolniak, A. Przekwas, A. Wanik.
260 _aWrocław,
_c1983.
700 1 _aPRZEKWAS, Andrzej
700 1 _aWANIK, Adam
040 _cBPK
041 _apol
942 _cKS
008 s pl f |000 0 pol
999 _c21717
_d21717
856 _uhttp://koha.tu.koszalin.pl/cgi-bin/koha/opac-detail.pl?biblionumber=21717
_yKatalog online BPK